000 00424nam a2200181Ia 4500
001 10025
005 20260306161801.0
008 260306t1992||||xx |||||||||||||| ||spa||
041 _aESP
082 _aPE 869.56
_bV23H
100 _aVallejo, César,
_eAUT
245 0 _aLos heraldos negros, 1918
260 _c1992
300 _a105 páginas :
_c18 cm.
650 _aGEN
654 _aCHU
942 _cLIB
_dJUS
_fJUS
_2ddc
_n
999 _c10025
_d10025